Life insurance / (Record no. 56297)

MARC details
000 -LEADER
fixed length control field 00780nam a2200217 a 4500
005 - DATE AND TIME OF LATEST TRANSACTION
control field 20110905124057.0
010 ## - LCCN (DPL NO)
LC control number G-001359
020 ## - INTERNATIONAL STANDARD BOOK NUMBER
Terms of availability 250.00
International Standard Book Number 81900843100
035 ## - SYSTEM CONTROL NUMBER
System control number G-001359
037 ## - SOURCE OF ACQUISITION
Source of stock number/acquisition Gift
082 ## - DEWEY DECIMAL CLASSIFICATION NUMBER
Classification number 368.32
100 ## - MAIN ENTRY--PERSONAL NAME
Personal name Barua, Ashish
245 ## - TITLE STATEMENT
Title Life insurance /
Statement of responsibility, etc by Ashish Barua
260 ## - PUBLICATION, DISTRIBUTION, ETC. (IMPRINT)
Place of publication, distribution, etc Jodhpur
Name of publisher, distributor, etc Beyond Books
Date of publication, distribution, etc 2009
270 ## - ADDRESS
Address Shop No. 3, Near UIT Office, Dilip Singh Colony,
City Jodhpur(Raj.).
300 ## - PHYSICAL DESCRIPTION
Extent 190p.
Dimensions 24cm(Hb)
500 ## - GENERAL NOTE
General note Includes glossary
942 ## - ADDED ENTRY ELEMENTS (KOHA)
Source of classification or shelving scheme Dewey Decimal Classification
Item type English Books
Call number suffix BAR
Classification part 368.32
Holdings
Withdrawn status Lost status Not for loan Collection code Home library Current library Date acquired Source of acquisition Cost, normal purchase price Full call number Barcode Copy number Cost, replacement price Koha item type
      Non-fiction Janak Puri Janak Puri 05/09/2011 gift 250.00 368.32 BAR G-001359 1 250.00 English Books

© Delhi Public Library
Hit Counter
free hit counter